Devine le mot en emojis - Statistiques

Statistiques générales
  • Ce quiz a été pris 101 fois
    38 depuis la dernière actualisation
  • Le résultat moyen est 7 sur 15
Statistiques - réponses
Indice Réponse % Correct
🚢🧊📉 titanic
83%
🦇🌃🚓 batman
66%
👧❄️⛄ la reine des neiges
66%
🦁👑🌅 le roi lion
66%
🗼🎨🥐 paris
66%
🧛‍♂️🩸🏰 dracula
59%
⚡🧙‍♂️🦉 harry potter
59%
🦖🏝️ jurassic park
55%
🍎📚👨‍🔬 isaac newton
52%
🧠💊🔵🔴 matrix
41%
🐭🏰✨ disney
34%
🚗💨🏁 fast and furious
31%
👨‍🔬⚡👹 Frankenstein
24%
🎭📖💀 Shakespeare
10%
🐎🎁🏰 le cheval de troie
3%
Aucun quiz correspondant
Distribution des résultats
% des personnes avec chaque résultat
Percentile par nombre de réponses
Votre historique - résultats
Vous n’avez pas pris ce quiz depuis la dernière actualisation